[Event "Bassano del Grappa Easter op-A 2nd"]
[Site "Bassano del Grappa"]
[Date "2022.04.16"]
[Round "5"]
[White "Candian, Lorenzo"]
[Black "Bachi, Jacopo Francesco"]
[Result "1-0"]
[WhiteElo "2012"]
[BlackElo "1671"]
[PlyCount "51"]
[EventDate "2022.04.14"]
[EventType "swiss"]
[EventRounds "9"]
[EventCountry "ITA"]
[SourceTitle "EXT 2024"]
[Source "ChessBase"]
[SourceDate "2023.10.10"]
[SourceVersion "1"]
[SourceVersionDate "2023.10.10"]
[SourceQuality "1"]

1. e4 e5 2. Nf3 Nc6 3. Nc3 Nf6 4. Bb5 Nd4 5. 0-0 c6 6. Ba4 Nxf3+ 7. Qxf3 Bc5 8. Qg3 d6 9. d3 0-0 10. Bg5 Kh8 11. Kh1 h6 12. Qh4 Kg8 13. Bxf6 Qxf6 14. Qxf6 gxf6 15. f4 b5 16. Bb3 Bb7 17. fxe5 fxe5 18. Rf6 b4 19. Na4 Be3 20. Rxd6 Rad8 21. Rg6+ Kh7 22. Rf6 Kg7 23. Rf3 Bg5 24. Raf1 Rd7 25. Nc5 Re7 26. Ne6+ 1-0